Rhymes With 'Clear' Quiz Stats

 Plays Quiz Updated Oct 4, 2016

Also try: Rhymes With 'Ash'
Challenge
Share
Tweet
Embed
Score 0/37 Timer 05:00
0 Plays Today
% Correct
beer
97%
fear
96.5%
near
95.4%
peer
91%
hear
90.8%
leer
90.8%
dear
90.5%
gear
89.7%
rear
89.7%
deer
89.6%
tear
89.4%
steer
84.7%
jeer
82.9%
mere
80.5%
sear
79.2%
veer
77.8%
queer
77%
here
76.4%
ear
75.4%
% Correct
cheer
73.7%
spear
72%
sheer
67.7%
smear
64.7%
sneer
63%
year
61.6%
shear
61.2%
blear
56%
drear
55.4%
pier
51.8%
tier
44.5%
bier
42%
fleer
38.5%
sere
31.9%
cere
23.1%
mir
18.1%
sphere
15.7%
schmear
5.9%

You're not logged in!

Compare scores with friends on all Sporcle quizzes.
Join for Free
OR
Log In

You Might Also Like...

Show Comments

Extras

Top Quizzes Today


Score Distribution

Your Account Isn't Verified!

In order to create a playlist on Sporcle, you need to verify the email address you used during registration. Go to your Sporcle Settings to finish the process.

Report this User

Report this user for behavior that violates our Community Guidelines.

Details: